000 00204nam a22000857a 4500
008 170104b xxu||||| |||| 00| 0 eng d
100 _92267
_aRangan.K.A
245 _aMathematics
260 _aNew Delhi
_bN P
_c2010
999 _c5154
_d5154